000 00247nam a2200097 4500
082 0 _a372.19 UNI
100 1 _aEducation coordination committee UNICEF
245 1 0 _aWorkshop on curriculum and syllabus
260 _aLokichokio
_c1993
942 _2ddc
_cBK
999 _c64403
_d64377